| 000 | 00393nam a22001337a 4500 | ||
|---|---|---|---|
| 082 |
_a621.48 _bAPP _cL-7, P-44 |
||
| 100 |
_aPedersen, Hnud B. _941848 |
||
| 245 | _aApplied nuclear power engineering for practicing engineering. | ||
| 260 |
_aUSA _bCahners Books. |
||
| 300 |
_axii, 259 p. : _bill. : _c6 Cm |
||
| 526 |
_a0 _b0 _c0 _d621_480000000000000_APP |
||
| 650 |
_aMCE _9379 |
||
| 942 |
_2ddc _cBK |
||
| 999 |
_c545871 _d545871 |
||